El velero en la botella

Tallennettuna:
Bibliografiset tiedot
Päätekijä: Díaz Gutiérrez, Jorge (Tekijä)
Aineistotyyppi: Kirja
Kieli:espanja
Julkaistu: Santiago Universitaria 1995
Painos:19a. ed
Sarja:Colección: Los Contemporáneos
Aiheet:
Tagit: Lisää tagi
Ei tageja, Lisää ensimmäinen tagi!

MARC

LEADER 00000nam a2200000 a 4500
001 UCH4193
003 CL-VaPUC
008 090818e19950000CL |||||||||||||||||spa|d
020 |a 9561112233 
082 0 4 |a Ch862  |b DIA  |2 21 
100 0 |a Díaz Gutiérrez, Jorge  |e author  |9 420806 
245 1 3 |a El velero en la botella 
246 1 3 |a El cepillo de dientes 
250 |a 19a. ed 
300 |a 120 p 
942 |c BK 
945 |d 20090818 00:00:00  |a ccalabra 
260 |a Santiago  |b Universitaria  |c 1995 
650 0 |a Literatura chilena   |9 308278 
650 0 |a Novelas chilenas   |9 265425 
650 0 |a Escritores chilenos   |9 420370 
650 0 |a Teatro chileno  |9 266701 
650 0 |a Dramas chilenos  |9 313819 
650 7 |a DRAMATURGOS  |2 CL-VaPUC  |9 433205 
651 7 |a CHILE  |2 CL-VaPUC  |9 539677 
583 |a last modification  |c 20090818 00:00:00  |k Rodrigo Vera 
490 0 |a Colección: Los Contemporáneos 
999 |c 335529  |d 335527